000 01593 a2200217 4500
001 46316
005 20260407155735.0
008 260407a1992 arg spa d
003 AR-UNSa-BCEJYS
040 _aAR-UNSa-BCEJYS
_bspa
_cAR-UNSa-BCEJYS
080 _a338.2
_xPolítica económica. Control de la economía. Gestión de la economía. Planificación económica
245 1 0 _aNociones de economía política
020 _a978-950-572-108-5
264 1 _aBuenos Aires :
_bVíctor P. de Zavalía
_c1992
300 _a148 p.
_c20 cm.
505 _a1. El hombre y su entorno económico y social – 2. El principio de racionalidad – 3. El surgimiento de la Economía Política – 4. Los discursos económicos – 5. Los discursos económicos – 6. Los discursos económicos – 7. El circuito de producción – 8. El cálculo económico elemental – 9. Visión elemental sobre los precios (I) – 10. Visión elemental sobre los precios (II) – 11. Circuito de producción y relaciones sociales – 12. Nota introductoria al problema de la distribución – 13. Un modelo simple de economía agregada (I) – 14. Noción de excedente físico de producción – 15. Un modelo simple de economía agregada (II) – 16. Introducción a las cuentas nacionales o a la contabilidad social – 17. El dinero – 18. Salario – 19. Competencias y formas de competencias – 20. Estado y Planificación – 21. Economía internacional – 22. Acumulación y crisis.
942 _cBK
590 _aniveau_biblio:m niveau_hierar:0
100 1 _aBurkún, Mario
700 1 _aSpagnolo, Alberto
999 _c4184
_d4184